| 000 | 00636nam a22001937a 4500 | ||
|---|---|---|---|
| 003 | OSt | ||
| 005 | 20251023014728.0 | ||
| 008 | 251023b |||||||| |||| 00| 0 eng d | ||
| 020 | _a978-971-542-294-9 | ||
| 040 |
_aDWC-Main lib. _cOC |
||
| 082 | _aFil. 398.9 P552 2001 | ||
| 245 |
_aPhilippine folk literature _b: the epics / |
||
| 260 |
_aQuezon City, Phils. _b : The University of the Philippines Press _c, c2001. |
||
| 300 |
_alviii, 600 pages _b: illustrations _c ; 23 cm. |
||
| 504 | _aBibliography: pp. 591-600 | ||
| 650 | _aFolk literature--Philippines. | ||
| 650 | _a2. Epic literature. | ||
| 942 |
_2ddc _cBK - FIL _kFil. _n0 |
||
| 999 |
_c5025 _d5025 |
||